Curso de análise
Αποθηκεύτηκε σε:
| Κύριος συγγραφέας: | |
|---|---|
| Μορφή: | Βιβλίο |
| Γλώσσα: | Πορτογαλικά |
| Έκδοση: |
Río de Janeiro
Instituto de Matemática Pura e Aplicada
1982
|
| Σειρά: | Proyecto Euclides
|
| Θέματα: | |
| Ετικέτες: |
Προσθήκη ετικέτας
Δεν υπάρχουν, Καταχωρήστε ετικέτα πρώτοι!
|
MARC
| LEADER | 00000nam a2200000 a 4500 | ||
|---|---|---|---|
| 001 | UCW0789 | ||
| 003 | CL-VaPUC | ||
| 008 | 890707e19820000BL |||||||||||||||||por|d | ||
| 082 | 0 | 4 | |a 515 |b LIM |2 21 |
| 100 | |a Lima, Elon Lages |e autor |9 601659 | ||
| 245 | 1 | 0 | |a Curso de análise |
| 300 | |a 2 v | ||
| 942 | |c BK | ||
| 945 | |d 19890707 00:00:00 |a mfernand | ||
| 260 | |a Río de Janeiro |b Instituto de Matemática Pura e Aplicada |c 1982 | ||
| 650 | 0 | |a Cálculo |9 260234 | |
| 650 | 0 | |a Análisis matemático |9 260146 | |
| 583 | |a last modification |c 19890707 00:00:00 |k Rodrigo Vera | ||
| 490 | 0 | |a Proyecto Euclides | |
| 999 | |c 215847 |d 215845 | ||
| 952 | |0 0 |1 0 |2 ddc |4 0 |6 515_000000000000000_LIM_1982 |7 0 |8 A |9 200951 |a BIBMAT |b BIBMAT |d 2019-11-14 |h v.2 |i 2680912 |o 515 LIM 1982 |p 2680912 |r 2025-01-07 |w 2019-11-14 |y BK |k MAT | ||
| 952 | |0 0 |1 0 |2 ddc |4 0 |6 515_000000000000000_LIM_1982 |7 0 |8 A |9 200952 |a BIBMAT |b BIBMAT |d 2019-11-14 |h v.2 |i 2680920 |o 515 LIM 1982 |p 2680920 |r 2025-01-07 |w 2019-11-14 |y BK |k MAT | ||
| 952 | |0 0 |1 0 |2 ddc |4 0 |6 515_000000000000000_LIM_1982 |7 0 |8 A |9 200953 |a BIBMAT |b BIBMAT |d 2019-11-14 |h v.1 |i 3361772 |o 515 LIM 1982 |p 3361772 |r 2025-01-07 |w 2019-11-14 |y BK |k MAT | ||
| 952 | |0 0 |1 0 |2 ddc |4 0 |6 515_000000000000000_LIM_1982 |7 0 |8 A |9 200954 |a BIBMAT |b BIBMAT |d 2019-11-14 |h v.1 |i 3361780 |l 3 |o 515 LIM 1982 |p 3361780 |q 2025-05-13 |r 2025-05-06 |s 2025-05-06 |w 2019-11-14 |y BK |k MAT | ||
| 952 | |0 0 |1 0 |2 ddc |4 0 |6 515_000000000000000_LIM_1982 |7 0 |8 A |9 200955 |a BIBMAT |b BIBMAT |d 2019-11-14 |h v.2 |i 3361799 |o 515 LIM 1982 |p 3361799 |r 2025-01-07 |w 2019-11-14 |y BK |k MAT | ||
| 952 | |0 0 |1 0 |2 ddc |4 0 |6 515_000000000000000_LIM_1982 |7 0 |8 A |9 200956 |a BIBMAT |b BIBMAT |d 2019-11-14 |h v.2 |i 3361802 |o 515 LIM 1982 |p 3361802 |r 2025-01-07 |w 2019-11-14 |y BK |k MAT | ||
| 952 | |0 0 |1 0 |2 ddc |4 0 |6 515_000000000000000_LIM_1982 |7 0 |8 A |9 200957 |a BIBMAT |b BIBMAT |d 2019-11-14 |h v.2 |i 3361810 |o 515 LIM 1982 |p 3361810 |r 2025-01-07 |w 2019-11-14 |y BK |k MAT | ||